000 00757 a2200229 4500
999 _c458062
_d458062
003 UA-OsUOA
005 20200213091357.0
008 200210b un ||||| |||| 00| 0 ukr d
040 _aUA-OsUOA
_bukr
_cUA-OsUOA
_dUA-OsUOA
041 _aukr
080 _a82-31
090 _a82-31
_bЯ76
100 _aЯрославська Д.
245 _aПапороть не цвіте
_cД. Ярославська
_bповість
260 _c1976
_aНю Джерсі
300 _a244 с.
650 _2UDC
_a82-31 Романи. Повісті
700 1 _aЯрославська Д.
942 _cBK
_2udc
955 _a3